Statistiques concernant Equipe de France de football 2015

Cliquez ici pour prendre le quiz!

Statistiques générales

  • Ce quiz a été pris 2 412 fois
  • Le résultat moyen est 24 sur 38

Statistiques - réponses

PlayerPostClubTime Played% Correct
Hugo LlorisGKTottenham Hotspur630'
99%
Raphaël VaraneDFReal Madrid855'
97%
Antoine GriezmannSTAtletico670'
96%
Blaise MatuidiMFParis-SG619'
93%
Karim BenzemaSTReal Madrid267'
92%
Paul PogbaMFJuventus315'
90%
Olivier GiroudSTArsenal470'
87%
Steve MandandaGKOlympique de Marseille180'
84%
Alexandre LacazetteSTOlympique lyonnais224'
82%
André-Pierre GignacSTTigres78'
82%
Dimitri PayetMFOlympique de Marseille / West Ham140'
79%
Anthony MartialSTManchester United281'
76%
Bacary SagnaDFManchester City605
74%
Laurent KoscielnyDFArsenal450'
74%
Patrice ÉvraDFJuventus450'
74%
Stéphane RuffierGKAS Saint-Étienne90'
74%
Mathieu ValbuenaMFDynamo Moscow / Olympique lyonnais355'
72%
Yohan CabayeMFParis-SG / Crystal Palace229'
69%
Mamadou SakhoDFLiverpool270'
64%
Kingsley ComanSTBayern Munich66'
60%
Moussaa SissokoMFNewcastle United355'
60%
Morgan SchneiderlinMFSouthampton / Manchester United517'
56%
Benoît CostilGKStade rennais0'
55%
Nabil FekirSTOlympique lyonnais122'
55%
Eliaquim MangalaDFManchester City180'
54%
Alphonse AréolaGKVillarreal CF0'
53%
Hatem Ben ArfaSTOGC Nice55'
46%
Lucas DigneDFAS Roma180'
42%
Christophe JalletDFOlympique lyonnais250'
40%
Kurt ZoumaDFChelsea53'
40%
Loïc PerrinDFAS Saint-Étienne0'
38%
Mathieu DebuchyDFArsenal45'
38%
Geoffrey KondogbiaMFAS Monaco / Inter Milan211'
35%
Josuha GuilavoguiMFVfL Wolfsburg30'
35%
Lassana DiarraMFOlympique de Marseille203'
34%
Maxime GonalonsMFOlympique lyonnais59'
32%
Benoît TrémoulinasDFSevilla FC270'
31%
Paul-Georges NtepSTStade rennais41'
26%

Distribution des résultats

Percentile par nombre de réponses

% des personnes avec chaque résultat

Votre développement - résultats

Vous n’avez pas pris ce quiz